Culturas de oriente (Record no. 507)

MARC details
000 -CABECERA
campo de control de longitud fija 00833nam a2200217 a 4500
001 - NÚMERO DE CONTROL
campo de control BRCA_577
005 - FECHA Y HORA DE LA ÚLTIMA TRANSACCIÓN
campo de control 20190320203054.0
008 - DATOS DE LONGITUD FIJA--INFORMACIÓN GENERAL
campo de control de longitud fija 141105s1990----sp-a---###---#000-0#spa-d
020 ## - NÚMERO INTERNACIONAL ESTÁNDAR DEL LIBRO
Número Internacional Estándar del Libro 8474836069
050 #4 - SIGNATURA TOPOGRÁFICA DE LA BIBLIOTECA DEL CONGRESO
Número de clasificación N5230
Número de documento/Ítem .C85 1990
245 10 - MENCIÓN DE TÍTULO
Título Culturas de oriente
Resto del título donación Santos Munsuri.
260 ## - PUBLICACIÓN, DISTRIBUCIÓN, ETC.
Lugar de publicación, distribución, etc. Madrid
Nombre del editor, distribuidor, etc. CAM ; Ministerio de cultura
Fecha de publicación, distribución, etc. 1990
300 ## - DESCRIPCIÓN FÍSICA
Extensión 150 p.
Otras características físicas il. (algunas a color)
Dimensiones 26 cm.
500 ## - NOTA GENERAL
Nota general Catálogo de la exposición realizada en el Museo Nacional de Etnología (España), 1990
500 ## - NOTA GENERAL
Nota general Incluye glosario y tabla cronológica de la historia de China
504 ## - NOTA DE BIBLIOGRAFÍA, ETC.
Nota de bibliografía, etc. Bibliografía : p. 71-72
610 24 - PUNTO DE ACCESO ADICIONAL DE MATERIA--NOMBRE DE ENTIDAD CORPORATIVA
Nombre de entidad corporativa o nombre de jurisdicción como elemento de entrada Santos Munsuri, Argimiro
Subdivisión general Colecciones de arte
9 (RLIN) 1991
650 14 - PUNTO DE ACCESO ADICIONAL DE MATERIA--TÉRMINO DE MATERIA
Término de materia o nombre geográfico como elemento de entrada Artes decorativas
Subdivisión general Colecciones privadas
Subdivisión geográfica China y Japón
9 (RLIN) 1992
710 2# - PUNTO DE ACCESO ADICIONAL--NOMBRE DE ENTIDAD CORPORATIVA
Nombre de entidad corporativa o nombre de jurisdicción como elemento de entrada Museo Nacional de Etnología
9 (RLIN) 1993
942 ## - ELEMENTOS DE PUNTO DE ACCESO ADICIONAL (KOHA)
Fuente del sistema de clasificación o colocación Library of Congress Classification
Tipo de ítem Koha Libros
Holdings
Estado de retiro Estado de pérdida Estado dañado No para préstamo Localización permanente Ubicación/localización actual Fecha de adquisición Total de préstamos Signatura topográfica completa Código de barras Fecha visto por última vez Precio válido a partir de Tipo de ítem Koha
El ejemplar forma parte de la colección y puede ser consultado según las políticas vigentes.       Biblioteca del Museo Franz Mayer (Rogerio Casas-Alatriste) Biblioteca del Museo Franz Mayer (Rogerio Casas-Alatriste) 25/06/2008   N5230 .C85 1990 00894 22/03/2019 22/03/2019 Libros